Normal view
MARC view
- Iqbal Ch, M Munawwar
Entry Personal Name
001 - CONTROL NUMBER
- control field: 124509
003 - CONTROL NUMBER IDENTIFIER
- control field: NUST
005 - DATE AND TIME OF LATEST TRANSACTION
- control field: 20240712160608.0
008 - FIXED-LENGTH DATA ELEMENTS
- fixed length control field: 240712|| aca||aabn | a|a d
040 ## - CATALOGING SOURCE
- Original cataloging agency: NUST
- Transcribing agency: NUST
100 ## - HEADING--PERSONAL NAME
- Personal name: Iqbal Ch, M Munawwar
670 ## - SOURCE DATA FOUND
- Source citation: Work cat.: (NUST)541083: Iqbal Ch, M Munawwar, Development of New Image Fusion Techniques /, 2020.
